000 01880 a2200265 4500
001 44883
005 20260407155723.0
008 260407a1985 arg spa d
003 AR-UNSa-BCEJYS
040 _aAR-UNSa-BCEJYS
_bspa
_cAR-UNSa-BCEJYS
080 _a330.43
_xEconometría
245 1 0 _aEconometría
020 _a968-451-675-4
264 1 _aMéxico :
_bMcGraw-Hill
_c1985
300 _axii, 546 p.
_c23 cm.
505 _aParte I: Introducción: 1. Datos, variables y modelos – Parte II: Introducción a la probabilidad y la inferencia estadística: 2. Probabilidad – 3. Variables aleatorias y distribuciones de probabilidad – 4. Inferencia estadística clásica – 5. Inferencia bayesiana y teoría de la decisión – Parte III: Introducción a los métodos econométricos: 6. Medidas descriptivas – 7. Regresión lineal simple – 8. Regresión múltiple – 9. Variables ficticias, variables retardadas y no linealidades en la regresión múltiple – 10. Algunos temas adicionales en la regresión múltiple – 11. Introducción a los modelos de ecuaciones simultáneas – Parte IV: Tratamiento adicional de temas seleccionados: 12. Heterocedasticidad y autocorrelación – 13. Errores en variables y perturbaciones no normales – 14. Análisis de la covarianza y combinación de datos de sección cruzada y series temporales – 15. Tendencia, variación estacional y predicción – 16. Modelos de retardos distribuidos – 17. Modelos de parámetros cambiantes – 18. Métodos bayesianos en econometría -
041 _aspa
942 _cBK
590 _aniveau_biblio:m niveau_hierar:0
100 1 _aContreras Garcia, Javier
700 1 _aMaddala, G.S.
700 1 _aLozano López, Vicente
700 1 _aGarcia Ferrer, Antonio
856 4 1 _uhttps://www.biblioeco.unsa.edu.ar/pmb/images/libros/L127014.jpg
_yImagen de portada
_qimage/jpeg
999 _c3832
_d3832